000 01128nam a22002657a 4500
005 20170428095758.0
008 170428b mx ||||| |||| 00| 0 spa d
020 _a9786074011944
050 0 4 _aHT395.M62
_bT47 2009
245 0 0 _aTerritorio y ciudades en el noroeste de México al inicio del siglo XXI
_c/ coordinadores Roberto García Ortega, Socorro Arzaluz Solano, Jesús Manuel Fitch Osuna.
250 _a1a ed.
260 _aTijuana, B.C. :
_bEl Colegio de la Frontera Norte
260 _bMiguel Ángel Porrúa,
_c2009.
300 _a354 p. :
_bil. ;
_c21 cm.
490 0 _aLas ciencias sociales.Tercera década.
504 _aIncluye bibliografía.
650 7 _2lemb
_aPlanificación regional
_zMéxico, Norte.
650 7 _2lemb
_aPlanificación regional
_zMéxico
_zÁrea Metropolitana de Monterrey
650 7 _2lemb
_aUrbanización
_zMéxico, Norte.
650 7 _2lemb
_aUrbanización
_zMéxico
_zÁrea Metropolitana de Monterrey
700 1 _aGarcía Ortega, Roberto,
_ecoordinador
700 1 _aArzaluz Solano, Socorro,
_ecoordinadora
700 1 _aFitch Osuna, Jesús Manuel,
_ecoordinador
942 _2lcc
_cLIB
999 _c132658
_d132658